书目信息 |
| 题名: |
Linux Shell命令行及脚本编程实例详解
|
|
| 作者: | 刘艳涛 编著 | |
| 分册: | ||
| 出版信息: | 北京 清华大学出版社 2015.01 |
|
| 页数: | 12, 408页 | |
| 开本: | 26cm | |
| 丛书名: | ||
| 单 册: | ||
| 中图分类: | TP316.89 | |
| 科图分类: | ||
| 主题词: | Linux操作系统--Linuxcao zuo xi tong--程序设计 | |
| 电子资源: | ||
| ISBN: | 978-7-302-37862-4 | |
| 000 | 01012nam0 2200241 450 | |
| 001 | 0106081927 | |
| 005 | 20201106082048.0 | |
| 010 | @a978-7-302-37862-4@dCNY59.80 | |
| 100 | @a20150209e20192015em y0chiy50 ea | |
| 101 | 0 | @achi |
| 102 | @aCN@b110000 | |
| 105 | @ay z 000yy | |
| 106 | @ar | |
| 200 | 1 | @aLinux Shell命令行及脚本编程实例详解@ALinux Shell ming ling xing ji jiao ben bian cheng shi li xiang jie@f刘艳涛编著 |
| 210 | @a北京@c清华大学出版社@d2015.01@h2019.12 | |
| 215 | @a12, 408页@d26cm | |
| 300 | @aLinux典藏大系 | |
| 330 | @a本书共15章,分为两篇。主要内容包括:Linux及LinuxShell简介、初识LinuxShell、常用Shell(Bash)命令、Shell命令进阶、Shell编程基础、Shell的条件执行、Bash循环、Shell函数、正则表达式、脚本输入处理、Shell重定向、管道和过滤器、捕获、sed和awk,以及其他LinuxShell种类介绍。 | |
| 606 | 0 | @aLinux操作系统@ALinuxcao zuo xi tong@x程序设计 |
| 690 | @aTP316.89@v5 | |
| 701 | 0 | @a刘艳涛@Aliu yan tao@4编著 |
| 801 | 0 | @aCN@bBJSZM@c20201106 |
| 905 | @b1194984-7@dTP316.89@e1002@f4 | |
| Linux Shell命令行及脚本编程实例详解/刘艳涛编著.-北京:清华大学出版社,2015.01(2019.12) |
| 12, 408页;26cm |
| Linux典藏大系 |
| ISBN 978-7-302-37862-4:CNY59.80 |
| 本书共15章,分为两篇。主要内容包括:Linux及LinuxShell简介、初识LinuxShell、常用Shell(Bash)命令、Shell命令进阶、Shell编程基础、Shell的条件执行、Bash循环、Shell函数、正则表达式、脚本输入处理、Shell重定向、管道和过滤器、捕获、sed和awk,以及其他LinuxShell种类介绍。 |
| ● |
| 相关链接 |
|
|
|
|
正题名:Linux Shell命令行及脚本编程实例详解
索取号:TP316.89/1002
 
预约/预借
| 序号 | 登录号 | 条形码 | 馆藏地/架位号 | 状态 | 备注 |
| 1 | 1194984 | 211949846 | 第二样本阅览室/ [索取号:TP316.89/1002] | 在馆 | |
| 2 | 1194985 | 211949855 | 第三借阅区/ [索取号:TP316.89/1002] | 在馆 | |
| 3 | 1194986 | 211949864 | 第三借阅区/ [索取号:TP316.89/1002] | 在馆 | |
| 4 | 1194987 | 211949873 | 第三借阅区/ [索取号:TP316.89/1002] | 在馆 |